00278nam a2200121Ia 4500008004100000100002900041245001700070260002700087300000800114650001000122942000700132999001700139190216s9999||||xx |||||||||||||| ||und|| aMuhammed Hasrayel Ansari 0aHindi-Achala bKoshik Prakashanc2006 a112 aHindi cBK c16490d16490